000 00635nam a2200241 a 4500
001 nice12345678
003 IN_TiNIC
005 20260116014620.0
008 070413s2006 newa grp 000 0 eng
020 _a0826456952
_c250
082 0 0 _a375.002
_bTAY
100 _aTaylor, Peter
245 _aHow to Design a Training Course
_bGuide to Participatory Curriculum Development
260 _aNew York
_bContinuum
_c2006
300 _a170p
500 _aincludes index and biblioraphy
505 2 _aIndex
650 _aEducation-Training
700 1 _aTaylor, Peter
902 _bSRS
942 _cBK
999 _c16247
_d16247